000 00508nam a22001817a 4500
005 20250711145243.0
008 250711b |||||||| |||| 00| 0 eng d
020 _a978-1-4080-9381-8
050 _aHF 5657 .D78 2016
100 _aDRURY, COLIN
245 _aMANAGEMENT ACCOUNTING FOR BUSINESS
250 _a6
260 _aUNITED KINGDOM
_bCENGAGE LEARNING EMEA
_c2016
300 _aXIX,520P.:ILL
500 _aINCLUDES BIBLIOGRAPHICAL REFERENCES AND INDEX
650 _aACCOUNTING
942 _2lcc
_cBK
999 _c215889
_d215889